Gaming Quiz

Random Gaming or Video Games Quiz

Pokémon Type-Named Moves Quiz Stats

 Plays Quiz Updated Apr 26, 2017

Support Sporcle.
Go Orange.
Score 0/63 Timer 09:00
17 Plays Today
Hint Missing Word % Correct
Dark   _ _ _ _ _Pulse
82.2%
Water   _ _ _ _ _Pulse
82.2%
Dragon   _ _ _ _ _Pulse
82.2%
Bug   _ _ _ _Bite
77.5%
Ice   _ _ _ _Beam
76.7%
Fire   _ _ _ _ _Blast
73.1%
Rock   _ _ _ _ _Blast
73%
Ice   _ _ _ _ _Punch
71.6%
Fire   _ _ _ _ _Punch
71.6%
Bug   _ _ _ _Buzz
65.4%
Fire   _ _ _ _Fang
65.3%
Poison   _ _ _ _Fang
65.3%
Ice   _ _ _ _Fang
65.3%
Water   _ _ _Gun
64.7%
Dragon   _ _ _ _Claw
63.9%
Rock   _ _ _ _ _Throw
63%
Dragon   _ _ _ _ _Dance
62.2%
Dragon   _ _ _ _Tail
60.9%
Poison   _ _ _ _Tail
60.8%
_ _ _ _ _ _ _Psychic
59.8%
Rock   _ _ _ _ _Smash
59.1%
Dragon   _ _ _ _Rage
57.7%
Psychic _ _ _ _ _ _ _Terrain
56.8%
_ _ _ _ _ _ _ _   BugStruggle
56.1%
Fairy   _ _ _ _Wind
54.9%
Grass   _ _ _ _Knot
52%
Steel   _ _ _ _Wing
49.8%
Dragon   _ _ _ _ _ _Breath
49.7%
Electric   _ _ _ _ _ _ _Terrain
48.8%
Rock   _ _ _ _ _Slide
47.5%
Poison   _ _ _ _ _Sting
47.3%
Ice   _ _ _ _Ball
46.4%
Hint Missing Word % Correct
Flying   _ _ _ _ _Press
45.5%
Fire   _ _ _ _Spin
44.5%
Rock   _ _ _ _Tomb
41.1%
Poison   _ _ _Jab
39.1%
_ _ _ _ _ _   FireSacred
38.9%
Dragon   _ _ _ _Rush
38.8%
_ _ _ _ _   PoisonCross
37.4%
Dragon   _ _ _ _ _ _Ascent
36.9%
Fire   _ _ _ _ _ _Pledge
36.4%
Grass   _ _ _ _ _ _Pledge
36.4%
Water   _ _ _ _ _ _Pledge
36.4%
Ice   _ _ _ _ _Shard
35.3%
Poison   _ _ _ _ _ _Powder
33.7%
_ _ _ _ _ _ _   RockStealth
33.2%
Dark   _ _ _ _Void
33%
Poison   _ _ _Gas
31.9%
_ _ _ _ _   WaterMuddy
31.5%
Grass   _ _ _ _ _ _ _Whistle
30.7%
Rock   _ _ _ _ _ _Polish
30.3%
Rock   _ _ _ _ _Climb
30.1%
Rock   _ _ _ _ _ _ _Wrecker
29.6%
Psychic _ _ _ _ _Fangs
25.3%
Water   _ _ _ _ _Sport
24.6%
Water   _ _ _ _ _Spout
23.3%
Dragon _ _ _ _ _ _Hammer
21.5%
Ice _ _ _ _ _ _Hammer
21.5%
_ _ _ _ _ _ _ _   FireMystical
21.3%
Water   _ _ _ _ _ _ _ _Shuriken
20.5%
Fairy   _ _ _ _Lock
19.3%
Fire _ _ _ _Lash
17.1%
Ice   _ _ _ _Burn
15.4%

From the Vault

WWE European Champions

by Martin

Sports 7m
In the future, we'd love to see a WWE Antarctic Champion.
Remove Ads.
Support Sporcle.
Get the best of Sporcle when you Go Orange. This ad-free experience offers more features, more stats, and more fun while also helping to support Sporcle. Thank you for becoming a member.

Show Comments

Extras

Top Quizzes Today


Score Distribution

Your Account Isn't Verified!

In order to create a playlist on Sporcle, you need to verify the email address you used during registration. Go to your Sporcle Settings to finish the process.

Report this User

Report this user for behavior that violates our Community Guidelines.

Details: